| 000 | 00856nam a2200277 a 4500 | ||
|---|---|---|---|
| 008 | 121101s2005 ag ||||| |||| 00| 0 spa d | ||
| 020 | _a978987165638 | ||
| 041 | _aspa | ||
| 092 |
_c150.195 _l73 _sRIC |
||
| 100 | 1 |
_aRicón, Lía _9682 |
|
| 245 | 4 |
_aLas psicoterapias. _bPensadas a partir de lo posible / _cLía Ricón |
|
| 250 | _a1a ed. | ||
| 260 |
_aBuenos Aires: _bEditorial Polemos; _c2005. |
||
| 300 | _a214 p. | ||
| 500 | _aRicón, L. (2005). Las psicoterapias. Pensadas a partir de lo posible. (1a ed.). Buenos Aires : Polemos. | ||
| 590 | _aDonacion Dra. Lia Ricon | ||
| 653 | _aPsicoterapia | ||
| 653 | _aConsulta | ||
| 653 | _aDiagnostico | ||
| 653 | _aTerapia cognitiva | ||
| 653 | _aModelo Freudiano | ||
| 653 | _aModelo Psicodramatico | ||
| 653 | _aModelo sistemico | ||
| 653 | _aPsicoterapia existencial | ||
| 942 |
_2ddc _cBK |
||
| 999 |
_c1122 _d1122 |
||